000 01365nam a2200349 i 4500
001 12008
003 KOSZ 005
005 20240405063010.0
008 070828s1969 pl b g 000 0 pol
015 _aPB 1969/8273
040 _aWA N
_cKOSZ 005/KK
_dKOSZ 005/KK
_dKOSZ 005/HR
046 _k1969
080 _a327(73:6)
245 0 0 _aStany Zjednoczone a Afryka /
_cred. nauk. Andrzej Bartnicki ; [aut.] Tadeusz Bartkowski [et al.] ; Polski Instytut Spraw Międzynarodowych.
260 _aWarszawa :
_bKsiążka i Wiedza,
_c1969.
300 _a295, [2] s., [1] k. tabl. :
_bmapa ;
_c18 cm.
380 _aKsiążki.
388 _a1901-
490 1 _aBiblioteka Wiedzy Politycznej.
504 _aBibliogr. s.283-290
546 _aStreszcz. ros., fr., ang.
651 4 _aStany Zjednoczone
_xpolityka
_zAfryka
_y1945-1989 r.
658 _aPolityka, politologia, administracja publiczna
648 4 _a1901-2000
648 4 _a1945-1989
700 1 _aBartnicki, Andrzej
_d(1933-2004).
_eRedakcja
700 1 _aBartkowski, Tadeusz
_d(?-2005).
_eAutor
710 2 _aSpółdzielnia Wydawniczo-Handlowa "Książka i Wiedza"
_4pbl.
830 0 _aBiblioteka Wiedzy Politycznej.
856 _uhttp://koha.tu.koszalin.pl/cgi-bin/koha/opac-detail.pl?biblionumber=12008
_yKatalog online BPK
942 _2UKD
_cKS
999 _c12008
_d12008